Central Library OPAC University of Rajshahi

Spicer and Pegler's book-keeping and accounts / (Record no. 75372)

MARC details
000 -LEADER
fixed length control field 00928nam a22002892 4500
001 - CONTROL NUMBER
control field 75372
003 - CONTROL NUMBER IDENTIFIER
rucl marc code BD-RjUL
005 - DATE AND TIME OF LATEST TRANSACTION
control field 20211209082659.0
008 - FIXED-LENGTH DATA ELEMENTS--GENERAL INFORMATION
fixed length control field 190327s1963 enka 001 0 eng
035 ## - SYSTEM CONTROL NUMBER
System control number OCLC ocm04110558 from D961127M
System control number (BD-RjUL)75590
040 ## - CATALOGING SOURCE
Original cataloging agency DLC
Transcribing agency GAT
Modifying agency EQO
-- BD-RjUL
Language of cataloging eng
041 ## - LANGUAGE CODE
Language code of text/sound track or separate title eng
082 ## - DEWEY DECIMAL CLASSIFICATION NUMBER
Edition number 23
Classification number 657
Author mark and year SPS 1963
100 1# - MAIN ENTRY--PERSONAL NAME
Personal name Spicer, Ernest Evan.
9 (RLIN) 229648
245 10 - TITLE STATEMENT
Title Spicer and Pegler's book-keeping and accounts /
Statement of responsibility, etc. Ernest Evan Spicer.
250 ## - EDITION STATEMENT
Edition statement 16th ed /
Remainder of edition statement by W. W. Bigg, H. A. R. J. Wilson, and A. E. Langton.
260 ## - PUBLICATION, DISTRIBUTION, ETC. (IMPRINT)
Place of publication, distribution, etc. London :
Name of publisher, distributor, etc. H. F. L.,
Date of publication, distribution, etc. c1963
300 ## - PHYSICAL DESCRIPTION
Pagination 630 p.:
Illustrations illus.;
Size 25 cm.
650 #0 - SUBJECT ADDED ENTRY--TOPICAL TERM
Topical term or geographic name as entry element Accounting.
9 (RLIN) 229649
700 1# - ADDED ENTRY--PERSONAL NAME
Personal name Bigg, Walter W.
Fuller form of name (Walter William),
Dates associated with a name 1903-
Personal name Wilson, H. A. R. J.
Personal name Pegler, Ernest Charles.
942 ## - ADDED ENTRY ELEMENTS (KOHA)
Source of classification or shelving scheme Dewey Decimal Classification
Koha item type Books
Holdings
Lost status Source of classification or shelving scheme Damaged status Not for loan Collection code Permanent Location Current Location Shelving location Date acquired Source of acquisition Total Checkouts Full call number Date last seen Copy number Koha item type
  Dewey Decimal Classification   Not For Loan Non-fiction Central Library, University of Rajshahi Central Library, University of Rajshahi Reading Room 21/03/1974 British National Book Centre   657 SPS 1963 27/03/2019 C-1 Books